000 00264nam a2200109Ia 4500
008 190911s9999||||xx |||||||||||||| ||und||
100 _aKumar, Grama
245 0 _aIntroduction To Parallel Computing
260 _a New York
_bCRC
_c1994
300 _a597
942 _cBK
999 _c6691
_d6691